Największe państwa według powierzchni - Statystyki

Ogólne statystyki
  • Ten quiz został rozwiązany 30 490 razy
  • Średni wynik to 16 z 20
Statystyki odpowiedzi
Powierzchnia Państwo % Poprawnych
17,098,242 Rosja
100%
9,640,821 Chiny
99%
9,526,468 Stany Zjednoczone
99%
9,984,670 Kanada
98%
8,514,877 Brazylia
97%
3,287,590 Indie
93%
7,692,024 Australia
92%
2,780,400 Argentyna
91%
1,964,375 Meksyk
87%
2,724,900 Kazachstan
86%
1,564,110 Mongolia
80%
2,381,741 Algieria
77%
2,344,858 Demokratyczna Republika Konga
75%
2,149,690 Arabia Saudyjska
74%
1,904,569 Indonezja
70%
1,648,195 Iran
68%
1,886,068 Sudan
60%
1,759,540 Libia
56%
1,284,000 Czad
48%
1,285,216 Peru
48%
Nie znaleziono quizów pasujących do podanych kryteriów
Rozkład punktacji
Procent ludzi z każdym wynikiem
Percentyl według liczby udzielonych odpowiedzi
Twoja historia wyników
Nie rozwiązałeś tego quizu